| 000 | 00656nam a2200193 a 4500 | ||
|---|---|---|---|
| 005 | 20220606111344.0 | ||
| 008 | 991125s1916 mx 000 0 spa u | ||
| 035 | _aUPN01000011235 | ||
| 049 | _aCE | ||
| 050 | 4 |
_aF1234 _bR6.2 1916 |
|
| 100 | 1 | _aRobledo, Federico P. | |
| 245 | 1 | 3 |
_aEl constitucionalismo y el traidor Francisco Villa a la luz de la verdad / _cFederico P. Robledo. |
| 260 |
_a[S.l. : _bs.n.], _c1916. |
||
| 300 | _a174 p., [8] h. de láms. : | ||
| 500 | _aDatos tomados de la portada | ||
| 600 | 1 | 2 |
_aVilla, Francisco, _d1878-1923 _912809 |
| 651 | 4 |
_aMEXICO - _xHISTORIA - _yREVOLUCION CONSTITUCIONALISTA, 1913-1920 _912810 |
|
| 905 | _aLibro | ||
| 999 |
_c11235 _d11235 |
||